Catálogo

El cerebro del niño : (Registro nro. 65761)

Detalles MARC
000 -LEADER
fixed length control field 00974nam a2200277 u 4500
001 - CONTROL NUMBER
control field 65761
005 - DATE AND TIME OF LATEST TRANSACTION
control field 20180714073235.0
008 - FIXED-LENGTH DATA ELEMENTS--GENERAL INFORMATION
fixed length control field 160706s2015 sp a r 000 0 spa d
020 ## - INTERNATIONAL STANDARD BOOK NUMBER
International Standard Book Number 9788484287148
041 ## - LANGUAGE CODE
Language code of text/sound track or separate title spa
082 0# - DEWEY DECIMAL CLASSIFICATION NUMBER
Classification number 649.1019
Item number SIE
100 1# - MAIN ENTRY--PERSONAL NAME
Personal name Siegel, Daniel J.,
Relator term autor
245 13 - TITLE STATEMENT
Title El cerebro del niño :
Remainder of title 12 estrategias revolucionarias para cultivar la mente en desarrollo de tu hijo /
Statement of responsibility, etc. Daniel J. Siegel, Tina Payne Bryson, traducción de Isabel Ferrer Marrades.
250 ## - EDITION STATEMENT
Edition statement Decimoquinta edición
264 #1 - PRODUCTION, PUBLICATION, DISTRIBUTION, MANUFACTURE, AND COPYRIGHT NOTICE
Place of production, publication, distribution, manufacture España :
Name of producer, publisher, distributor, manufacturer Alba Editorial,
Date of production, publication, distribution, manufacture, or copyright notice 2015
300 ## - PHYSICAL DESCRIPTION
Extent 234 páginas ;
Dimensions 23 cm.
336 ## - CONTENT TYPE
Content type term texto
Source rdacontent
337 ## - MEDIA TYPE
Media type term sin mediación
Source rdamedia
338 ## - CARRIER TYPE
Carrier type term volumen
Source rdacarrier
490 0# - SERIES STATEMENT
Series statement Alba/Guías para padres
650 #4 - SUBJECT ADDED ENTRY--TOPICAL TERM
Topical term or geographic name entry element Crianza de niños
650 #4 - SUBJECT ADDED ENTRY--TOPICAL TERM
Topical term or geographic name entry element Desarrollo infantil
650 #4 - SUBJECT ADDED ENTRY--TOPICAL TERM
Topical term or geographic name entry element Psicología infantil
700 1# - ADDED ENTRY--PERSONAL NAME
Personal name Bryson, Tina Payne,
Relator term autor
700 1# - ADDED ENTRY--PERSONAL NAME
Personal name Ferrer Marrades, Isabel
Relator term traductor
Existencias
Withdrawn status Lost status Source of classification or shelving scheme Damaged status Not for loan Collection code Home library Current library Shelving location Date acquired Source of acquisition Inventory number Total Checkouts Total Renewals Full call number Barcode Date last seen Date last checked out Price effective from Koha item type
    Dewey Decimal Classification     General Biblioteca Karol Wojtyla Biblioteca Karol Wojtyla Sala general 06/07/2016 Compra 151000000000000000025236 4 2 649.1019 SIE 2015 95926 05/01/2026 20/08/2025 13/07/2016 Libro